000 00813cam a2200217 i 4500
003 IT-RoINE
005 20171128070446.0
008 960917s1995 sp | r ||| |bspa d
020 _a8460533638
040 _aSpMaBN
_cSpMaBN IT-RoINE
_dIT-RoINE
100 1 _93202
_aMartínez Camino, Juan Antonio,
_cObispo de Madrid,
_d1953-
245 1 0 _aDon Lázaro, 1872-1936 :
_btestigo de Cristo en Asturias /
_cJuan A. Martínez Camino.
260 _aMadrid :
_bUniversidad Comillas,
_c1995.
300 _a149 p. :
_bil. ;
_c21 cm.
336 _2rdacontent
_atext
337 _2rdamedia
_aunmediated
338 _2rdacarrier
_avolume
600 1 4 _aSan Martín Camino, Lázaro,
_d1872-1936
_xBiografía
_941470
651 4 _aAsturias (España : Comunidad Autónoma)
_xHistoria
_y1936-1939 (Guerra civil)
_941471
942 _cMTS
999 _c21106
_d21106